|
|
|
|
| LEADER |
00000cam a2200000 7i4500 |
| 001 |
0000001201 |
| 005 |
20140130.0 |
| 020 |
0 |
0 |
|a 1853686263
|
| 090 |
0 |
0 |
|a R333.7809595
|b NAT 1998
|
| 245 |
0 |
4 |
|a The NATIONAL parks and other wild places of Malaysia
|c text by WWF Malaysia
|f photographs by Gerald Cubitt
|
| 260 |
0 |
0 |
|a London :
|b New Holland ,
|c 1998
|
| 300 |
|
|
|a 176 p. :
|b col. ill. ;
|c 30 cm.
|
| 500 |
0 |
0 |
|a Includes index
|
| 650 |
0 |
0 |
|a Forest reserves
|z Malaysia
|x Recreational use
|
| 650 |
0 |
0 |
|a National parks and reserves
|z Malaysia
|
| 700 |
0 |
1 |
|a Cubitt
|h Gerald
|
| 710 |
1 |
1 |
|a World Wide Fund for Nature Malaysia
|
| 998 |
|
|
|a JPSM
|
| 999 |
|
|
|a 0000002399
|b Monograph
|c Reference
|e Default branch
|